Разработка и исследование рентгенотелевизионного интроскопа для поточного неразрушающего контроля промышленных изделий в диапазоне энергий 30 кэв - 30 Мэв: Диссертация на соискание ученой степени кандидата технических наук

Detalhes bibliográficos
Autor principal: Леонов Б. И.
Autor Corporativo: Научно-исследовательский институт интроскопии МНПО "Спектр" (ЗАО НИИИН МНПО "Спектр)
Outros Autores: Самойлов В. Ф. (научный руководитель), Якобсон А. М.
Idioma:russo
Publicado em: Москва, 1969
Assuntos:
Formato: MixedMaterials Livro
KOHA link:https://koha.lib.tpu.ru/cgi-bin/koha/opac-detail.pl?biblionumber=138211

MARC

LEADER 00000nbm0a2200000 4500
001 138211
005 20231031141355.0
035 |a (RuTPU)RU\TPU\book\149763 
090 |a 138211 
100 |a 20080522d1969 k y0rusy50 ca 
101 0 |a rus 
102 |a RU 
105 |a a m 001zy 
200 1 |a Разработка и исследование рентгенотелевизионного интроскопа для поточного неразрушающего контроля промышленных изделий в диапазоне энергий 30 кэв - 30 Мэв  |e Диссертация на соискание ученой степени кандидата технических наук  |f Б. И. Леонов  |g Научно-исследовательский институт интроскопии МНПО "Спектр" (ЗАО НИИИН МНПО "Спектр) ; науч. рук. В. Ф. Самойлов , А. М. Якобсон 
210 |a Москва  |d 1969 
215 |a 238 л.  |c ил. 
320 |a Библиогр.: с. 226-233 (95 назв.) 
610 1 |a диссертации 
610 1 |a рентгенотелевизионный контроль 
610 1 |a интроскопы 
610 1 |a неразрушающий контроль 
610 1 |a промышленные изделия 
610 1 |a низкоэнергетическая интроскопия 
610 1 |a контрастно-частотные характеристики 
610 1 |a суперортиконы 
610 1 |a чувствительность 
610 1 |a тормозное излучение 
675 |a 620.15(04)  |v 3 
700 1 |a Леонов  |b Б. И. 
702 1 |a Самойлов  |b В. Ф.  |4 727 
702 1 |a Якобсон  |b А. М.  |4 727 
712 0 2 |a Научно-исследовательский институт интроскопии МНПО "Спектр" (ЗАО НИИИН МНПО "Спектр)  |c (Москва)  |2 stltpush  |3 (RuTPU)RU\TPU\col\12015 
801 1 |a RU  |b 63413507  |c 20080522  |g PSBO 
801 2 |a RU  |b 63413507  |c 20180705  |g RCR 
942 |c BK